Quotes of Bible Characters 4 - Statistics

General Stats
  • This quiz has been taken 966 times
  • The average score is 5 of 10
Answer Stats
Hint Answer % Correct
I am the way, the truth, and the life. No man comes to the Father except through Me Jesus
100%
Unless I see in His hands the print of the nails, and put my finger into the print of the nails, and put my hand into His side, I will not believe Thomas
86%
Sir, if you have carried Him away, show me where You have laid Him, and I will take Him away Mary Magdalene
68%
Get up, get out of this place; for the LORD will destroy this city Lot
62%
It is not in me. God will give Pharaoh an answer of peace Joseph
51%
Woe is me, for I am undone! Because I am a man of unclean lips, and I dwell in the midst of people of unclean lips; for my eyes have seen the King Isaiah
50%
My punishment is greater than I can bear Cain
32%
Put away the foreign gods that are among you, purify yourselves, and change your garmets Jacob
21%
And now this present which your maidservant has brought to my lord, let it be given to the young men who follow my lord. Abigail
17%
What have you done to us? How have I offended you, that you have brought on me and on my kingdom a great sin Abimelech
10%
No matching quizzes found
Score Distribution
Percent of People with Each Score
Percentile by Number Answered
Your Score History
You have not taken this quiz